Mobel-brevier (Record no. 3344)

MARC details
000 -CABECERA
campo de control de longitud fija 00647nam a2200217 a 4500
001 - NÚMERO DE CONTROL
campo de control BRCA_3609
005 - FECHA Y HORA DE LA ÚLTIMA TRANSACCIÓN
campo de control 20190320204342.0
008 - DATOS DE LONGITUD FIJA--INFORMACIÓN GENERAL
campo de control de longitud fija 120809s1959----gw-a---###---#000-0#ger-#
041 ## - CÓDIGO DE LENGUA
Código de lengua del texto/banda sonora o título independiente ger
044 ## - CÓDIGO DEL PAÍS DE LA ENTIDAD EDITORA/PRODUCTORA
Código MARC del país gw
050 #4 - SIGNATURA TOPOGRÁFICA DE LA BIBLIOTECA DEL CONGRESO
Número de clasificación NK2365
Número de documento/Ítem .W56 1959
100 1# - ENTRADA PRINCIPAL--NOMBRE DE PERSONA
Nombre de persona Windisch-Graetz, Franz
9 (RLIN) 9361
245 10 - MENCIÓN DE TÍTULO
Título Mobel-brevier
Resto del título barock und rokoko
Mención de responsabilidad, etc. von Franz Windisch-Graetz.
260 ## - PUBLICACIÓN, DISTRIBUCIÓN, ETC.
Lugar de publicación, distribución, etc. Braunschweig, Alemania
Nombre del editor, distribuidor, etc. Klinkhardt + Biermann
Fecha de publicación, distribución, etc. 1959
300 ## - DESCRIPCIÓN FÍSICA
Extensión 50 p.
Otras características físicas il., 31 láminas (algunas a color)
Dimensiones 20 cm.
500 ## - NOTA GENERAL
Nota general B279
650 14 - PUNTO DE ACCESO ADICIONAL DE MATERIA--TÉRMINO DE MATERIA
Término de materia o nombre geográfico como elemento de entrada Muebles barrocos
9 (RLIN) 9362
650 14 - PUNTO DE ACCESO ADICIONAL DE MATERIA--TÉRMINO DE MATERIA
Término de materia o nombre geográfico como elemento de entrada Decoración y ornamentación rococo
9 (RLIN) 9363
902 ## - CATALOGADOR
Iniciales GFM
942 ## - ELEMENTOS DE PUNTO DE ACCESO ADICIONAL (KOHA)
Fuente del sistema de clasificación o colocación Library of Congress Classification
Tipo de ítem Koha Libros
Holdings
Estado de retiro Estado de pérdida Estado dañado No para préstamo Localización permanente Ubicación/localización actual Fecha de adquisición Número de inventario Total de préstamos Signatura topográfica completa Código de barras Fecha visto por última vez Precio válido a partir de Tipo de ítem Koha
El ejemplar forma parte de la colección y puede ser consultado según las políticas vigentes.       Biblioteca del Museo Franz Mayer (Rogerio Casas-Alatriste) Biblioteca del Museo Franz Mayer (Rogerio Casas-Alatriste) 12/08/2009 B279   NK2365 .W56 1959 (B279) 3606 22/03/2019 22/03/2019 Libros